| 000 | 00699nam a2200217 i 4500 | ||
|---|---|---|---|
| 001 | 46874 | ||
| 003 | ES-MaACL | ||
| 005 | 20230906161449.0 | ||
| 007 | t| | ||
| 008 | 030401s1984 sp ||||1| spa d | ||
| 020 | _a84-500-9752-5 | ||
| 080 | _a396.2(4-15) | ||
| 245 | 0 | 0 |
_aEstudio comparativo de los organismos nacionales para promover la igualdad entre mujeres y hombres / _cConsejo de Europa. |
| 260 |
_aMadrid : _bInstituto de la Mujer, _c[1984] |
||
| 300 |
_a157 p. ; _c20 cm. |
||
| 504 | _aBibliografía: p. 131-157. | ||
| 650 | 4 |
_aDiscriminación sexual. _911937 |
|
| 710 | 2 |
_aConsejo de Europa. _93186 |
|
| 710 | 2 |
_aInstituto de la Mujer (España) _94980 |
|
| 852 | 4 |
_aES-MaACL _jL-10927 |
|
| 999 |
_c46874 _d46874 |
||